| 000 | 01015nas a2200361 4500 | ||
|---|---|---|---|
| 001 | BR2013002861 | ||
| 003 | BR-BrBNA | ||
| 005 | 20231205122156.0 | ||
| 007 | ta | ||
| 008 | 230509b bl.|||p| |||| 00| 00por d | ||
| 040 |
_aBR-BrBNA _bpor _cBiblioteca Nacional de Agricultura |
||
| 041 | _a(Pt) | ||
| 072 | _aF08; F50; F60 | ||
| 100 | 1 | _aAssis, A.M. de | |
| 100 | 1 | _aUnemoto, L.K. | |
| 100 | 1 | _aYamamoto, L.Y. | |
| 100 | 1 | _aLone, A.B. | |
| 100 | 1 | _aSouza, G.R.B. de | |
| 100 | 1 | _aFaria, R.T. de | |
| 100 | 1 | _aRoberto, S.R. | |
| 100 | 1 | _aTakahashi, L.S.A. | |
| 245 | 1 | _aCultivo de orquídea em substratos à base de casca de café | |
| 650 | _aORQUÍDEA | ||
| 650 | _aCASCA | ||
| 650 | _aCAFÉ | ||
| 650 | _aBIOQUÍMICA VEGETAL | ||
| 650 | _aPRODUTIVIDADE | ||
| 650 | _aCOMPRIMENTO | ||
| 650 | _aESTATURA DE PLANTA | ||
| 773 | 0 |
_tBragantia (Brazil) _xISSN 0006-8705 _g(jul-sep 2011), v. 70(3) p. 544-549 _wBR2013002861 |
|
| 909 |
_a202311 _bLúcia _c55 _dLúcia Elande |
||
| 942 |
_2AGRIS _n0 _cANA |
||
| 999 |
_c227292 _d227292 |
||